[Event "Brasov GP RO"]
[Site "Brasov"]
[Date "2023.07.21"]
[Round "8"]
[White "Kubicka, Anna"]
[Black "Balaban Voia, Alexandru"]
[Result "1-0"]
[WhiteElo "2240"]
[BlackElo "1946"]
[PlyCount "45"]
[EventDate "2023.07.16"]
[EventType "swiss"]
[EventRounds "9"]
[EventCountry "ROU"]
[SourceTitle "CBM 215 Extra"]
[Source "ChessBase"]
[SourceDate "2023.09.30"]
[SourceVersion "1"]
[SourceVersionDate "2023.09.30"]
[SourceQuality "1"]

1. e4 Nc6 2. Nf3 d6 3. d4 Nf6 4. c3 g6 5. Bd3 Bg7 6. h3 0-0 7. 0-0 e5 8. Re1 Nd7 9. Bf1 h6 10. Na3 f5 11. exf5 gxf5 12. dxe5 Ndxe5 13. Nc2 Qf6 14. Ne3 Qf7 15. Nd5 Be6 16. Nf4 Bxa2 17. Nd4 Nxd4 18. cxd4 Bb3 19. Qd2 Nc6 20. d5 Nd4 21. Ra3 Bxd5 22. Rg3 Ba2 23. Qxd4 1-0

[Event "Sebes Romanian Rapid op"]
[Site "Sebes"]
[Date "2022.12.02"]
[Round "5"]
[White "Ciorgovean, Iustin"]
[Black "Balaban Voia, Alexandru"]
[Result "1-0"]
[WhiteElo "2319"]
[BlackElo "1972"]
[PlyCount "79"]
[EventDate "2022.12.02"]
[EventType "swiss (rapid)"]
[EventRounds "8"]
[EventCountry "ROU"]
[SourceTitle "CBM 211 Extra"]
[Source "ChessBase"]
[SourceDate "2023.01.31"]
[SourceVersion "1"]
[SourceVersionDate "2023.01.31"]
[SourceQuality "1"]

1. e4 g6 2. d4 Bg7 3. c4 d6 4. Nc3 Nf6 5. Nf3 0-0 6. Be2 e5 7. Be3 Ng4 8. Bg5 f6 9. Bh4 g5 10. Bg3 Nh6 11. h3 Nc6 12. dxe5 fxe5 13. c5 Nd4 14. cxd6 Nxf3+ 15. Bxf3 cxd6 16. Qd5+ Kh8 17. 0-0-0 g4 18. hxg4 Bxg4 19. Qxd6 Qxd6 20. Rxd6 Nf7 21. Rd3 Bxf3 22. Rxf3 Ng5 23. Rxf8+ Rxf8 24. f3 Ne6 25. Rh5 Nf4 26. Bxf4 Rxf4 27. Nd5 Rf8 28. Rf5 Rxf5 29. exf5 Kg8 30. b3 Kf7 31. Kc2 Bf8 32. g4 Bh6 33. Kd3 Bf8 34. Ke4 Bd6 35. a4 Bb8 36. b4 Bd6 37. b5 Bb8 38. Ne3 h6 39. Nc4 Kf6 40. Na5 1-0

[Event "Sebes Romanian Rapid op"]
[Site "Sebes"]
[Date "2022.12.02"]
[Round "8"]
[White "Daianu, Cristian Clement"]
[Black "Balaban Voia, Alexandru"]
[Result "1-0"]
[WhiteElo "2189"]
[BlackElo "1972"]
[PlyCount "77"]
[EventDate "2022.12.02"]
[EventType "swiss (rapid)"]
[EventRounds "8"]
[EventCountry "ROU"]
[SourceTitle "CBM 211 Extra"]
[Source "ChessBase"]
[SourceDate "2023.01.31"]
[SourceVersion "1"]
[SourceVersionDate "2023.01.31"]
[SourceQuality "1"]

1. e4 g6 2. d4 Bg7 3. Nc3 d6 4. Be2 Nd7 5. h4 h6 6. h5 g5 7. f4 gxf4 8. Bxf4 c5 9. Nf3 cxd4 10. Nxd4 Nc5 11. Be3 Nf6 12. Bf3 e6 13. Qe2 a6 14. 0-0-0 Qa5 15. Kb1 Bf8 16. e5 dxe5 17. Nb3 Nxb3 18. axb3 Bd7 19. Qf2 Qc7 20. Bb6 Qc8 21. Rhe1 Bg7 22. Rxe5 Ng4 23. Bxg4 Bxe5 24. Ne4 0-0 25. Nf6+ Bxf6 26. Qxf6 Qc6 27. Rd6 Qxd6 28. Bd4 Qxd4 29. Qxd4 Bc6 30. Qf6 Kh7 31. Be2 Be4 32. Qe5 f5 33. g4 Rg8 34. Qxe6 Rac8 35. gxf5 Bxc2+ 36. Ka2 Rc7 37. Bc4 Rgg7 38. f6 Rgd7 39. Qg8# 1-0

[Event "Arad op 15th"]
[Site "Arad"]
[Date "2022.08.13"]
[Round "8"]
[White "Balaban Voia, Alexandru"]
[Black "Samu, Sorin Mihai"]
[Result "1-0"]
[WhiteElo "1869"]
[BlackElo "1981"]
[PlyCount "75"]
[EventDate "2022.08.08"]
[EventType "swiss"]
[EventRounds "9"]
[EventCountry "ROU"]
[SourceTitle "CBM 209 Extra"]
[Source "ChessBase"]
[SourceDate "2022.09.30"]
[SourceVersion "1"]
[SourceVersionDate "2022.09.30"]
[SourceQuality "1"]

1. g3 Nf6 2. Bg2 d5 3. Nf3 c5 4. 0-0 Nc6 5. d3 e5 6. e4 d4 7. a4 Bd6 8. Na3 Bg4 9. h3 Be6 10. Ng5 Bd7 11. f4 h6 12. Nc4 Bc7 13. Nf3 Qe7 14. Nfxe5 Nxe5 15. fxe5 Bxe5 16. Bf4 Bxf4 17. Rxf4 Be6 18. e5 Nd5 19. Nd6+ Kd7 20. c4 dxc3 21. Qb3 cxb2 22. Qxb7+ Nc7 23. Bc6+ Kd8 24. Qxb2 Qg5 25. Ne4 Qh5 26. Bxa8 Nxa8 27. Qb8+ Ke7 28. Qxh8 Qxe5 29. Qxa8 Qxa1+ 30. Kh2 Qxa4 31. Qb7+ Bd7 32. Qd5 f5 33. Qxc5+ Kd8 34. Nf2 Qa1 35. Rb4 Ke8 36. Rb8+ Kf7 37. Rb7 Ke8 38. Qe3+ 1-0

[Event "Arad op-B 14th"]
[Site "Arad"]
[Date "2021.08.04"]
[Round "7"]
[White "Cazan, Andrei"]
[Black "Balaban Voia, Alexandru"]
[Result "1/2-1/2"]
[WhiteElo "1704"]
[BlackElo "1889"]
[PlyCount "113"]
[EventDate "2021.07.30"]
[EventType "swiss"]
[EventRounds "9"]
[EventCountry "ROU"]
[SourceTitle "EXT 2022"]
[Source "ChessBase"]
[SourceDate "2021.10.06"]
[SourceVersion "1"]
[SourceVersionDate "2021.10.06"]
[SourceQuality "1"]

1. g3 d5 2. Bg2 e5 3. d3 Nf6 4. Nf3 Bd6 5. 0-0 0-0 6. c3 c6 7. Nbd2 Nbd7 8. Qc2 a5 9. e4 dxe4 10. dxe4 Nb6 11. Rd1 Qc7 12. Nf1 Bg4 13. h3 Bxf3 14. Bxf3 Rfd8 15. Bg5 Be7 16. Bxf6 Bxf6 17. Ne3 g6 18. Rxd8+ Rxd8 19. Rd1 h5 20. Be2 Be7 21. b3 Bc5 22. Nc4 Nxc4 23. Bxc4 b5 24. Bf1 Qe7 25. Rxd8+ Qxd8 26. Kg2 h4 27. Qd3 Qf6 28. Qf3 Qg5 29. Qd3 hxg3 30. fxg3 Qc1 31. a4 bxa4 32. bxa4 Qe1 33. Kf3 Qf2+ 34. Kg4 Qf6 35. h4 Qe6+ 36. Kf3 Qf6+ 37. Kg4 Qe6+ 38. Kf3 Qa2 39. Qc4 Qf2+ 40. Kg4 Kg7 41. Kh3 Be3 42. Qe2 Qf6 43. Bg2 Qe6+ 44. Kh2 Bb6 45. Qa6 Bd8 46. Qa8 Qd6 47. Qa6 Qc5 48. Qd3 Bb6 49. Qf3 Qc4 50. h5 Qxa4 51. hxg6 fxg6 52. Qg4 Qb5 53. Qd7+ Kf8 54. Qd6+ Kf7 55. Qd7+ Kf8 56. Qd6+ Kf7 57. Qd7+ 1/2-1/2

[Event "EU Union-ch U14"]
[Site "Kouty nad Desnou"]
[Date "2019.08.24"]
[Round "9"]
[White "Subjakova, Kristina"]
[Black "Balaban Voia, Alexandru"]
[Result "1/2-1/2"]
[WhiteElo "1680"]
[BlackElo "1829"]
[PlyCount "83"]
[EventDate "2019.08.16"]
[EventType "swiss"]
[EventRounds "9"]
[EventCountry "CZE"]
[SourceTitle "EXT 2020"]
[Source "ChessBase"]
[SourceDate "2019.10.17"]
[SourceVersion "1"]
[SourceVersionDate "2019.10.17"]
[SourceQuality "1"]

1. e4 g6 2. d4 Bg7 3. Nf3 d6 4. Bc4 a6 5. Qe2 e6 6. Bb3 c5 7. c3 cxd4 8. cxd4 Ne7 9. Bf4 0-0 10. 0-0 b5 11. Rc1 Bb7 12. Bg3 Nbc6 13. Qd2 Na5 14. Bc2 Nc4 15. Qb4 Rc8 16. b3 Bh6 17. Rf1 Nc6 18. Qe1 Nb6 19. Na3 b4 20. Nc4 Nxc4 21. bxc4 a5 22. Bb3 Ba6 23. Qe2 d5 24. exd5 exd5 25. Rfd1 dxc4 26. Bxc4 Bxc4 27. Qxc4 Ne5 28. Qe2 Nxf3+ 29. Qxf3 Bg7 30. Be5 Bxe5 31. dxe5 Qg5 32. Qd5 Rfd8 33. Qxa5 Rxd1+ 34. Rxd1 Rc1 35. Qa8+ Kg7 36. Qd5 Rxd1+ 37. Qxd1 Qxe5 38. Qb1 Qc3 39. g3 h5 40. h4 Kf6 41. Qe4 Qa1+ 42. Kg2 1/2-1/2

[Event "EU Union-ch U14"]
[Site "Kouty nad Desnou"]
[Date "2019.08.16"]
[Round "1"]
[White "Handlovsky, Jachym"]
[Black "Balaban Voia, Alexandru"]
[Result "0-1"]
[WhiteElo "1328"]
[BlackElo "1829"]
[PlyCount "68"]
[EventDate "2019.08.16"]
[EventType "swiss"]
[EventRounds "9"]
[EventCountry "CZE"]
[SourceTitle "EXT 2020"]
[Source "ChessBase"]
[SourceDate "2019.10.17"]
[SourceVersion "1"]
[SourceVersionDate "2019.10.17"]
[SourceQuality "1"]

1. e4 g6 2. Nf3 Bg7 3. Bc4 d6 4. d3 Nf6 5. Nc3 0-0 6. 0-0 c6 7. Bd2 d5 8. exd5 cxd5 9. Bb3 Bg4 10. h3 Bxf3 11. Qxf3 e6 12. Bg5 Nbd7 13. Rfe1 h6 14. Bh4 Qa5 15. Bg3 Nh5 16. Bd6 Rfc8 17. Na4 b5 18. Nc3 Bxc3 19. bxc3 Qxc3 20. Qg4 Nhf6 21. Qf4 Kg7 22. h4 a5 23. g4 a4 24. g5 hxg5 25. hxg5 Nh5 26. Qf3 axb3 27. Kg2 Rxa2 28. Rad1 bxc2 29. Rc1 Qd2 30. Rh1 Qxg5+ 31. Bg3 Nxg3 32. fxg3 Qd2+ 33. Kh3 Rh8+ 34. Kg4 Ne5# 0-1

[Event "ROM-ch U14"]
[Site "Calimanesti Caciulata"]
[Date "2019.04.22"]
[Round "9"]
[White "Pragai, Rares Alexandru"]
[Black "Balaban Voia, Alexandru"]
[Result "0-1"]
[WhiteElo "1604"]
[BlackElo "1891"]
[PlyCount "56"]
[EventDate "2019.04.15"]
[EventType "swiss"]
[EventRounds "9"]
[EventCountry "ROU"]
[SourceTitle "EXT 2020"]
[Source "ChessBase"]
[SourceDate "2019.10.17"]
[SourceVersion "1"]
[SourceVersionDate "2019.10.17"]
[SourceQuality "1"]

1. d4 Nf6 2. c4 b6 3. Nc3 Bb7 4. f3 e6 5. e4 d6 6. Bg5 Be7 7. Bd3 c5 8. Be3 cxd4 9. Bxd4 Nc6 10. Bf2 Rc8 11. b3 0-0 12. Nge2 Ne5 13. Bc2 d5 14. exd5 exd5 15. cxd5 Bb4 16. Rc1 Nxd5 17. Bd4 Nxc3 18. Bxc3 Qh4+ 19. Kf1 Bxc3 20. Nxc3 Ba6+ 21. Ne2 Rfe8 22. Be4 Rxc1 23. Qxc1 Nd3 24. Bxd3 Bxd3 25. g3 Qh3+ 26. Ke1 Qg2 27. Kd2 Qxe2+ 28. Kc3 Rc8+ 0-1

[Event "ROM-ch U14"]
[Site "Calimanesti Caciulata"]
[Date "2019.04.18"]
[Round "5"]
[White "Ferentiu, Raul Florin"]
[Black "Balaban Voia, Alexandru"]
[Result "0-1"]
[WhiteElo "1681"]
[BlackElo "1891"]
[PlyCount "66"]
[EventDate "2019.04.15"]
[EventType "swiss"]
[EventRounds "9"]
[EventCountry "ROU"]
[SourceTitle "CBM 190 Extra"]
[Source "ChessBase"]
[SourceDate "2019.07.15"]
[SourceVersion "1"]
[SourceVersionDate "2019.07.15"]
[SourceQuality "1"]

1. e4 c6 2. Nf3 d5 3. Nc3 dxe4 4. Nxe4 Bf5 5. Ng3 Bg6 6. h4 h6 7. Ne5 Qd6 8. d4 Nd7 9. Nxd7 Qxd7 10. Bf4 Nf6 11. c4 Rd8 12. Be3 e5 13. Be2 exd4 14. Bf4 Bb4+ 15. Kf1 0-0 16. Bf3 Rfe8 17. Qb3 Bc5 18. Rd1 d3 19. Qc3 Qe7 20. a3 Bd6 21. Bd2 Bxg3 22. fxg3 Ne4 23. Bxe4 Qxe4 24. Re1 Qf5+ 25. Kg1 Re2 26. Bf4 d2 27. Rd1 Qe4 28. Qf3 Re1+ 29. Kh2 Rxh1+ 30. Kxh1 Qe1+ 31. Kh2 Bc2 32. Rxd2 Rxd2 33. Bxd2 Qxd2 0-1

[Event "ROM-ch U14"]
[Site "Calimanesti Caciulata"]
[Date "2019.04.15"]
[Round "1"]
[White "Rata, Andrei"]
[Black "Balaban Voia, Alexandru"]
[Result "0-1"]
[WhiteElo "1407"]
[BlackElo "1891"]
[PlyCount "64"]
[EventDate "2019.04.15"]
[EventType "swiss"]
[EventRounds "9"]
[EventCountry "ROU"]
[SourceTitle "CBM 190 Extra"]
[Source "ChessBase"]
[SourceDate "2019.07.15"]
[SourceVersion "1"]
[SourceVersionDate "2019.07.15"]
[SourceQuality "1"]

1. e4 c6 2. d4 d5 3. exd5 Qxd5 4. Be3 Nf6 5. h3 Bf5 6. Nd2 e6 7. Ngf3 Nbd7 8. Bc4 Qa5 9. 0-0 Bd6 10. Re1 0-0 11. Nh4 Bg6 12. Nxg6 hxg6 13. Bd3 Qc7 14. Nc4 Be7 15. Bg5 c5 16. dxc5 Nxc5 17. Be2 Nce4 18. Be3 Rad8 19. Qc1 b5 20. Nd2 Nxd2 21. Bxd2 Bc5 22. a4 Bxf2+ 23. Kxf2 Rxd2 24. Kg1 Qc5+ 25. Kh1 Rxc2 26. Qf4 bxa4 27. Qf3 Rc8 28. Ba6 Rb8 29. Rxa4 Rbxb2 30. Rea1 Qd5 31. Qg3 Ne4 32. Qg4 Nf2+ 0-1

[Event "ROM-ch U14"]
[Site "Calimanesti"]
[Date "2018.04.03"]
[Round "9"]
[White "Balaban Voia, Alexandru"]
[Black "Vilcu, Matei Stefan"]
[Result "1-0"]
[WhiteElo "1807"]
[BlackElo "2005"]
[PlyCount "55"]
[EventDate "2018.03.27"]
[EventType "swiss"]
[EventRounds "9"]
[EventCountry "ROU"]
[SourceTitle "EXT 2019"]
[Source "ChessBase"]
[SourceDate "2018.10.10"]
[SourceVersion "1"]
[SourceVersionDate "2018.10.10"]
[SourceQuality "1"]

1. c4 f5 2. d4 Nf6 3. Nc3 g6 4. g3 Bg7 5. Bg2 0-0 6. e3 d6 7. Nge2 Qe8 8. 0-0 e5 9. dxe5 dxe5 10. Nd5 Na6 11. Rb1 c6 12. Nxf6+ Bxf6 13. b4 Be6 14. b5 Rd8 15. Qa4 Nc5 16. Qxa7 Be7 17. bxc6 Bxc4 18. Re1 Nd3 19. Rf1 Nxc1 20. Rfxc1 Bxe2 21. c7 Rc8 22. Bxb7 Qd7 23. Bxc8 Rxc8 24. Rb8 Bd6 25. Qa8 Ba6 26. Qxa6 Rxb8 27. cxb8Q+ Bxb8 28. Qc8+ 1-0

[Event "ROM-ch U14"]
[Site "Calimanesti"]
[Date "2018.03.29"]
[Round "3"]
[White "Nicoara, David Cristian"]
[Black "Balaban Voia, Alexandru"]
[Result "0-1"]
[WhiteElo "1450"]
[BlackElo "1807"]
[PlyCount "98"]
[EventDate "2018.03.27"]
[EventType "swiss"]
[EventRounds "9"]
[EventCountry "ROU"]
[SourceTitle "CBM 183 Extra"]
[Source "ChessBase"]
[SourceDate "2018.04.19"]
[SourceVersion "1"]
[SourceVersionDate "2018.04.19"]
[SourceQuality "1"]

1. c4 Nf6 2. Nc3 g6 3. g3 Bg7 4. Bg2 d6 5. Nf3 0-0 6. 0-0 c6 7. d4 Be6 8. b3 Qc8 9. Ng5 Bd7 10. Bb2 h6 11. Nf3 Bh3 12. e3 Bxg2 13. Kxg2 a6 14. Qe2 b5 15. cxb5 cxb5 16. Rac1 Qb7 17. Rfd1 Nbd7 18. Kg1 Rac8 19. Ne1 Nb6 20. Nd3 Rc7 21. Rc2 Rfc8 22. Rdc1 Nbd7 23. Nd1 a5 24. Rxc7 Rxc7 25. Rxc7 Qxc7 26. e4 b4 27. f3 Nb6 28. Ne3 Qc6 29. Qd2 Nfd7 30. Kg2 Qc7 31. Nf4 e6 32. Nd3 Nb8 33. Qc2 Qxc2+ 34. Nxc2 Nc6 35. Kf2 Na7 36. Ke3 Nb5 37. Kd2 Kf8 38. Nf2 Ke7 39. Nd1 d5 40. e5 f6 41. f4 fxe5 42. fxe5 h5 43. a3 a4 44. axb4 axb3 45. Nce3 Bh6 46. Kd3 Na4 47. Ng2 Nxb2+ 48. Nxb2 Bc1 49. Na4 b2 0-1

[Event "EU-ch U12 27th"]
[Site "Mamaia"]
[Date "2017.09.09"]
[Round "5"]
[White "Tyurin, Artem"]
[Black "Balaban Voia, Alexandru"]
[Result "1-0"]
[WhiteElo "1664"]
[BlackElo "1867"]
[PlyCount "37"]
[EventDate "2017.09.05"]
[EventType "swiss"]
[EventRounds "9"]
[EventCountry "ROU"]
[SourceTitle "EXT 2018"]
[Source "ChessBase"]
[SourceDate "2017.10.13"]
[SourceVersion "1"]
[SourceVersionDate "2017.10.13"]
[SourceQuality "1"]

1. e4 d5 2. exd5 Nf6 3. d4 Nxd5 4. c4 Nb4 5. Qa4+ N8c6 6. d5 b5 7. cxb5 Nd4 8. Na3 Qxd5 9. Qxb4 Qe4+ 10. Kd1 e5 11. Qc3 Bxa3 12. bxa3 Bf5 13. Bd2 Rd8 14. Rc1 0-0 15. f3 Qh4 16. g3 Qh5 17. Ke1 e4 18. Kf2 exf3 19. Nxf3 1-0

[Event "ROM-ch U12"]
[Site "Calimanesti Caciulata"]
[Date "2016.04.23"]
[Round "7"]
[White "Neacsa, Andreas Alexandru"]
[Black "Balaban Voia, Alexandru"]
[Result "0-1"]
[WhiteElo "1383"]
[BlackElo "1766"]
[PlyCount "96"]
[EventDate "2016.04.18"]
[EventType "swiss"]
[EventRounds "9"]
[EventCountry "ROU"]
[SourceTitle "CBM 172 Extra"]
[Source "ChessBase"]
[SourceDate "2016.06.21"]
[SourceVersion "1"]
[SourceVersionDate "2016.06.21"]
[SourceQuality "1"]

1. d4 Nf6 2. c4 g6 3. Nc3 Bg7 4. Nf3 d6 5. e4 0-0 6. Be2 c6 7. 0-0 e5 8. dxe5 dxe5 9. Qxd8 Rxd8 10. Bg5 Nbd7 11. Rad1 Re8 12. Rd6 h6 13. Bxf6 Nxf6 14. Rfd1 Nh5 15. Rd8 Be6 16. Rxa8 Rxa8 17. g3 Kf8 18. Nd2 Nf6 19. Nb3 b6 20. Rd6 Ke7 21. Rd1 Rd8 22. Rxd8 Kxd8 23. Kf1 Bf8 24. Ke1 Bb4 25. f3 g5 26. Kd2 g4 27. a3 gxf3 28. Bxf3 Bxc4 29. axb4 Bxb3 30. b5 c5 31. Kd3 Kd7 32. Nd5 Nxd5 33. exd5 Kd6 34. h4 Bxd5 35. Bxd5 Kxd5 36. b3 e4+ 37. Ke3 Ke5 38. g4 f5 39. gxf5 Kxf5 40. h5 Ke5 41. Ke2 Kd4 42. Kf2 e3+ 43. Ke2 Ke4 44. Ke1 Kd3 45. Kd1 Kc3 46. Ke2 Kxb3 47. Kxe3 c4 48. Kf4 c3 0-1

[Event "ROM-ch U12"]
[Site "Calimanesti Caciulata"]
[Date "2016.04.20"]
[Round "3"]
[White "Danila, Stefan"]
[Black "Balaban Voia, Alexandru"]
[Result "1/2-1/2"]
[WhiteElo "1161"]
[BlackElo "1766"]
[PlyCount "87"]
[EventDate "2016.04.18"]
[EventType "swiss"]
[EventRounds "9"]
[EventCountry "ROU"]
[SourceTitle "CBM 172 Extra"]
[Source "ChessBase"]
[SourceDate "2016.06.21"]
[SourceVersion "1"]
[SourceVersionDate "2016.06.21"]
[SourceQuality "1"]

1. d4 Nf6 2. Nf3 g6 3. Bf4 Bg7 4. e3 0-0 5. Nbd2 d6 6. c3 c6 7. Bd3 Nbd7 8. 0-0 Re8 9. Bc2 e5 10. Bg3 e4 11. Ng5 d5 12. Re1 Nh5 13. Nh3 Nxg3 14. hxg3 f5 15. Nf4 g5 16. Nh3 Nf8 17. Qh5 h6 18. Bb3 Be6 19. Qd1 b5 20. a3 Ng6 21. Qh5 Qf6 22. Qe2 f4 23. gxf4 g4 24. f5 Qxf5 25. Nf4 Nxf4 26. exf4 Qxf4 27. Qe3 Qxe3 28. fxe3 Kh7 29. Bc2 Kh8 30. Bb3 Bd7 31. Rf1 Rf8 32. a4 bxa4 33. Rxf8+ Bxf8 34. Rxa4 Bg7 35. Ra6 Kh7 36. Ba4 Rb8 37. b4 Rb6 38. Rxa7 Be8 39. Nb3 Kg6 40. Re7 Bf7 41. Rc7 Be8 42. Re7 Bf7 43. Rc7 Be8 44. Re7 1/2-1/2

[Event "ROM-ch U10"]
[Site "Calimanesti"]
[Date "2015.04.05"]
[Round "8"]
[White "Balaban Voia, Alexandru"]
[Black "Rehner, Rainer Fabian"]
[Result "1-0"]
[WhiteElo "1661"]
[BlackElo "1450"]
[PlyCount "82"]
[EventDate "2015.03.30"]
[EventType "swiss"]
[EventRounds "9"]
[EventCountry "ROU"]
[SourceTitle "CBM 165 Extra"]
[Source "ChessBase"]
[SourceDate "2015.04.21"]
[SourceVersion "1"]
[SourceVersionDate "2015.04.21"]
[SourceQuality "1"]

1. d4 Nf6 2. Nf3 e6 3. c4 b6 4. Nc3 Bb4 5. Qb3 Bxc3+ 6. Qxc3 Bb7 7. Bg5 h6 8. Bh4 d6 9. e3 Nbd7 10. Be2 Qe7 11. Rc1 g5 12. Bg3 Ne4 13. Qc2 f5 14. h3 Nxg3 15. fxg3 Nf6 16. Bd3 Be4 17. Bxe4 Nxe4 18. g4 Qh7 19. Nd2 Nxd2 20. Kxd2 fxg4 21. Qxh7 Rxh7 22. hxg4 Ke7 23. Rcf1 Rf8 24. Rf3 c5 25. Rhf1 Rhf7 26. Rxf7+ Rxf7 27. Rxf7+ Kxf7 28. Ke2 e5 29. dxe5 dxe5 30. Kf3 Kf6 31. Ke4 Ke6 32. a3 a6 33. a4 a5 34. b3 Kf6 35. Kd5 e4 36. Kxe4 Ke6 37. g3 Kd6 38. Kf5 Kd7 39. e4 Ke7 40. e5 Kd7 41. Kf6 Kd8 1-0